000 00422nam a2200181Ia 4500
001 11039
005 20260306161916.0
008 260306t1962||||xx |||||||||||||| ||spa||
041 _aESP
082 _a985.001
_bLL762
100 _aLlosa, Jorge Guillermo
_eAUT
245 0 _aEn busca del Perú
260 _c1962
300 _a194 páginas :
_c22 cm.
650 _aGEN
654 _aCHU
942 _cLIB
_dJUS
_fJUS
_2ddc
_n
999 _c11039
_d11039